000 00903nam a2200253 i 4500
003 DO-SdBNP
005 20240509105509.0
007 ta
008 240506e1998 dr aboc| |||| 00| 0 spa d
040 _aDO-SdBNP
_bspa
_cBNPHU
_erda
082 4 _222
_bG643c, 1998
100 1 _aGonzález Canalda, María Filomena
_940799
_d1952-
_eautora
245 1 0 _aCiencias sociales 6 /
_cMaría Filomena González Canalda y Rubén Silié.
246 1 4 _aCiencias sociales sexto grado.
264 _a[Santo Domingo] :
_bsecretaría de Educación,
_c1998
300 _a120 páginas ;
_bilustraciones, fotografías, mapas, retratos ;
_c27 cm.
336 _2rdacontent
_atexto
_btxt
337 _2rdamedia
_asin mediación
_bn
338 _2rdacarrier
_avolumen
_bnc
504 _aBibliografía: páginas 1174 - 120
590 _aInventariado 2024 / MF
700 1 _aSilié, Rubén,
_d1946-
_91421
_eautor
942 _2ddc
_cLBS1
999 _c56611
_d56611